000 00349nam a22001577a 4500
003 SGT
020 _a9789353502881
082 _a616.89,BAR
100 _aBARLOW, DAVID. H.
245 _aABNORMAL PSYCHOLOGY AN INTEGRATIVE
250 _a8TH
260 _aNEW DELHI
_bCENAGE
_c2020
300 _a597
650 _aPSYCHOLOGY
942 _2ddc
_cBK
_074
999 _c20800
_d20800